000 00400nam a2200157Ia 4500
008 210716s2005 xx 000 0 und d
020 _a8122415741
041 _aeng
082 _a658.4013 NAAR
100 _aNaagarazan, R S; Arivalagar, A A.
245 _aTotal quality management.
250 _a1
260 _aNew Delhi
_bNew Age International Pvt Ltd
_c2005
300 _a175
650 _aTQM
999 _c199747
_d199747